| 000 | 00756nam a22001577a 4500 | ||
|---|---|---|---|
| 003 | OSt | ||
| 005 | 20151114141022.0 | ||
| 008 | 151114b xxu||||| |||| 00| 0 eng d | ||
| 040 | _cRUA | ||
| 082 | _aFOR NOR 2013 B142 Or.1 | ||
| 100 |
_93678 _aNORN, NA VIN. |
||
| 245 | _aStudy of flora in krang serey community forest site at kirivon commune phnom sruch district kampong speu, សិក្សាពីសារព័ន្ធរុក្ខជាតិនៅតំបន់សហគមន៍ព្រៃឈើ ក្រាំងសិរី ឃុំគិរីវ័ណ្ណ ស្រុកភ្នំស្រួច ខេត្តកំពង់ស្ពឺ | ||
| 260 |
_aPhnom Penh _bRUA _c2013 |
||
| 300 |
_ax; 49cm. _bill. _c29cm. |
||
| 942 |
_2ddc _cFOR |
||
| 999 |
_c3426 _d3426 |
||